000 00673nam a2200229Ii 4500
003 JO-AjNU
008 230605s9999||||xx |||||||||||||| ||und||
017 _a2014/25
020 _a978-99958-3-071-7
040 _aJO-AjNU
_bara
_erda
_cJO-AjNU
041 _aara
050 1 4 _aBP161.2 2014
100 3 _aشقير، محمود أحمد,
_eauthor
_953004
245 0 0 _aعطر الكلمات
250 _aط1
264 3 1 _aالبحرين: هيئة شؤون الاعلام، 2014
300 _a220ص
336 _atext
_btxt
_2rdacontent
337 _aunmediated
_bn
_2rdamedia
338 _avolume
_bnc
_2rdacarrier
650 4 _aالاسلام- متفرقات
_953005
999 _aA23513
_c27081
_d27081